000
00260nam a2200109Ia 4500
008
190802s9999 xx 000 0 und d
100
_a
Abdul fiqoor
245
0
_a
khush Rahney kay Tareekay
260
_a
Lahore
_b
Darulshaour
_c
2014
300
_a
151:p
942
_c
BK
999
_c
2508
_d
2508